Phần mềm toán học Maple và ứng dụng nghiên cứu đa thức nội suy

Đề tài: “Phần mềm toán học Maple và ứng dụng nghiên cứu đa thức nội suy” nhằm mục đích góp phần thực hiện chủ trương ứng dụng công nghệ thông tin để nâng cao chất lượng dạy và học môn Toán. Hệ thống hóa lại các kiến thức về Đa thức nội suy và ứng dụng của Maple trong Đa thức nội suy....

Полное описание

Сохранить в:
Библиографические подробности
Главный автор: Tôn Nữ Lê Diệu Thảo
Другие авторы: Trần Quốc Chiến PGS. TSKH. (Hướng dẫn)
Формат:
Язык:Vietnamese
Опубликовано: Đà Nẵng Đại học Đà Nẵng 2015
Предметы:
Метки: Добавить метку
Нет меток, Требуется 1-ая метка записи!
Thư viện lưu trữ: Mạng thư viện Đại học Đà Nẵng
LEADER 01902nam a2200349 4500
001 000023320
003 19771
005 20151202091233.0
008 150921s2015 viesd
041 |a vie 
082 1 4 |a 511.4220285  |b TÔ-T 
100 1 |a Tôn Nữ Lê Diệu Thảo 
245 1 |a Phần mềm toán học Maple và ứng dụng nghiên cứu đa thức nội suy  |c Tôn Nữ Lê Diệu Thảo ; Trần Quốc Chiến hướng dẫn.  |k Luận văn Thạc sĩ 
260 |a Đà Nẵng  |b Đại học Đà Nẵng  |c 2015 
300 |a 79 tr., phụ lục 3 tr.  |c 29 cm.  |e Tóm tắt 
500 |a Luận văn thạc sĩ Khoa học. Chuyên ngành: Phương pháp toán sơ cấp. Mã số: 60.46.01.13 
520 3 |a Đề tài: “Phần mềm toán học Maple và ứng dụng nghiên cứu đa thức nội suy” nhằm mục đích góp phần thực hiện chủ trương ứng dụng công nghệ thông tin để nâng cao chất lượng dạy và học môn Toán. Hệ thống hóa lại các kiến thức về Đa thức nội suy và ứng dụng của Maple trong Đa thức nội suy. 
650 0 4 |a Đa thức nội suy (toán học)  |v Luận văn tốt nghiệp  |x Ứng dụng phần mềm Maple 
653 |a Đa thức nội suy 
653 |a Phương pháp toán sơ cấp 
653 |a Phần mềm toán học Maple 
700 1 |a Trần Quốc Chiến  |c PGS. TSKH.  |e Hướng dẫn 
OWN |a LSP 
AVA |a UDN50  |b LSP  |d 511.4220285 TÔ-T  |e available  |t Error 5001 Not defined in file expand_doc_bib_avail.  |f 1  |g 0  |h N  |i 0  |k 1 
999 |a From the UDN01 
AVA |a UDN50  |b LSP  |d 511.4220285 TÔ-T  |e available  |t Error 5001 Not defined in file expand_doc_bib_avail.  |f 1  |g 0  |h N  |i 0  |k 1 
TYP |a Monograph 
TYP |a Printed language 
980 |a Mạng thư viện Đại học Đà Nẵng